The memoires of Marshal Joffre. Translated by Colonel T. Bentley Mott, D. S. M., C. M. G. Appendices by LT.-Colonel J. Eowe, D. S. O., O. B. E. Volume one-two

Gespeichert in:
Bibliographische Detailangaben
1. Verfasser: Joffre, Joseph Jacques Césaire (VerfasserIn)
Format: Buch
Sprache:Englisch
Veröffentlicht: Londres Geoffrey Bles 1932
Ausgabe:1a. ed
Schlagworte:
Tags: Tag hinzufügen
Keine Tags, Fügen Sie den ersten Tag hinzu!

MARC

LEADER 00000nam a2200000 a 4500
001 UCJ6298
003 CL-VaPUC
008 070124e19320000UK |||||||||||||||||eng|d
082 0 4 |a 940  |b JOF  |2 21 
100 |a Joffre, Joseph Jacques Césaire  |e author  |9 512773 
245 1 4 |a The memoires of Marshal Joffre. Translated by Colonel T. Bentley Mott, D. S. M., C. M. G. Appendices by LT.-Colonel J. Eowe, D. S. O., O. B. E. Volume one-two 
250 |a 1a. ed 
300 |a 2 v 
942 |c BK 
945 |d 20070124 00:00:00  |a rinostro 
260 |a Londres  |b Geoffrey Bles  |c 1932 
500 |a Front. v. 1 y 2: Fotografía del mariscal Joffre; ilustraciones y mapas conforme a índice 
650 7 |a GUERRA MUNDIAL I  |2 CL-VaPUC  |9 399774 
650 7 |a MEMORIAS  |2 CL-VaPUC  |9 269159 
650 7 |a BIOGRAFIA  |2 CL-VaPUC  |9 504622 
650 0 |a Iconografía   |9 267998 
650 7 |a DOCUMENTOS  |2 CL-VaPUC  |9 366450 
651 0 |a Francia  |9 255157 
651 0 |a Inglaterra  |9 255158 
651 0 |a Alemania  |9 255688 
583 |a last modification  |c 20120606 02:57:14  |k Rodrigo Vera 
999 |c 322406  |d 322404 
952 |0 0  |1 0  |4 0  |6 940_000000000000000_JOF_1932  |7 0  |8 X  |9 401391  |a FDOBUD  |b FDOBUD  |d 2019-11-22  |h v.1  |i 1046551  |o 940 JOF 1932  |p 1046551  |r 2019-11-22  |w 2019-11-22  |y BK_X  |k BUD 
952 |0 0  |1 0  |4 0  |6 940_000000000000000_JOF_1932  |7 0  |8 X  |9 401392  |a FDOBUD  |b FDOBUD  |d 2019-11-22  |h v.2  |i 104656K  |o 940 JOF 1932  |p 104656K  |r 2019-11-22  |w 2019-11-22  |y BK_X  |k BUD